[Event "3rd ch-GER Internet Blitz Candidates"]
[Site "playchess INT"]
[Date "2005.04.02"]
[Round "13"]
[White "Heinzel, O."]
[Black "Schunk, T1."]
[Result "1-0"]
[WhiteElo "2402"]
[BlackElo "2280"]
[PlyCount "65"]
[EventDate "2005.04.02"]
[EventType "swiss (blitz)"]
[EventRounds "15"]
[Source "Mark Crowther"]
[SourceDate "2005.04.04"]

1. d4 g6 2. Nf3 c5 3. c3 cxd4 4. cxd4 d5 5. Bf4 Nc6 6. e3 Bg7 7. Bd3 Nf6 8. O-O
Bg4 9. Qb3 Bxf3 10. gxf3 Qd7 11. Nc3 O-O 12. Rac1 Rac8 13. Rfd1 h5 14. Bf1 h4
15. h3 Qf5 16. Qxb7 g5 17. Bh2 Qxf3 18. Bg2 Qf5 19. Nxd5 Nxd5 20. Rxc6 Rxc6 21.
Qxc6 Nb4 22. Qc5 Qxc5 23. dxc5 Bxb2 24. c6 e5 25. Rb1 Bc3 26. Rb3 Nxa2 27. c7
Ba5 28. Bxe5 f6 29. Rb8 Bxc7 30. Bxc7 Rxb8 31. Bxb8 a5 32. Bd5+ Kf8 33. Bxa2
1-0

[Event "3rd ch-GER Internet Blitz Candidates"]
[Site "playchess INT"]
[Date "2005.04.02"]
[Round "13"]
[White "Muse, D."]
[Black "Womacka, M."]
[Result "1-0"]
[WhiteElo "2418"]
[BlackElo "2436"]
[PlyCount "71"]
[EventDate "2005.04.02"]
[EventType "swiss (blitz)"]
[EventRounds "15"]
[Source "Mark Crowther"]
[SourceDate "2005.04.04"]

1. d4 Nf6 2. Nf3 e6 3. e3 c5 4. Bd3 b6 5. O-O Bb7 6. c4 Be7 7. Nc3 cxd4 8. exd4
d5 9. cxd5 Nxd5 10. Nxd5 Bxd5 11. Ne5 O-O 12. Re1 Nc6 13. Qh5 f5 14. Nxc6 Bxc6
15. Qe2 Bd5 16. Bf4 Bf6 17. Be5 Bxe5 18. Qxe5 Rc8 19. a3 Qg5 20. g3 Qd2 21. Qe2
Qxe2 22. Rxe2 Rfd8 23. Ba6 Rc7 24. Rd2 Kf7 25. Re1 Kf6 26. f4 g5 27. fxg5+ Kxg5
28. Kf2 Rcd7 29. Bb5 Rd6 30. h4+ Kf6 31. Ke3 Bb7 32. Rc1 Rg8 33. Kf2 f4 34. Rg1
fxg3+ 35. Rxg3 Rg4 36. Rxg4 1-0

[Event "3rd ch-GER Internet Blitz Candidates"]
[Site "playchess INT"]
[Date "2005.04.02"]
[Round "13"]
[White "Hoffmann, L."]
[Black "Buchenthal, D."]
[Result "0-1"]
[WhiteElo "2157"]
[BlackElo "2258"]
[PlyCount "64"]
[EventDate "2005.04.02"]
[EventType "swiss (blitz)"]
[EventRounds "15"]
[Source "Mark Crowther"]
[SourceDate "2005.04.04"]

1. e4 c5 2. Nf3 Nc6 3. Bb5 g6 4. O-O Bg7 5. c3 Nf6 6. Re1 O-O 7. d4 cxd4 8.
cxd4 d5 9. e5 Ne4 10. Nbd2 Nxd2 11. Bxd2 Bg4 12. Bc3 Rc8 13. h3 Bxf3 14. Qxf3
e6 15. Rac1 Qb6 16. Bxc6 Rxc6 17. a3 Rfc8 18. Qe3 Qb3 19. Qd2 Bf8 20. Re3 b5
21. Rf3 a5 22. Qf4 b4 23. Qxf7+ Kh8 24. axb4 axb4 25. Ra1 R6c7 26. Qxe6 bxc3
27. Rxc3 Qxb2 28. Raa3 Rxc3 29. Ra7 R3c7 30. Rxc7 Rxc7 31. Qf6+ Kg8 32. Qe6+
Rf7 0-1

[Event "3rd ch-GER Internet Blitz Candidates"]
[Site "playchess INT"]
[Date "2005.04.02"]
[Round "13"]
[White "Peschlow, P."]
[Black "Huch, R."]
[Result "1/2-1/2"]
[WhiteElo "2318"]
[BlackElo "2325"]
[PlyCount "105"]
[EventDate "2005.04.02"]
[EventType "swiss (blitz)"]
[EventRounds "15"]
[Source "Mark Crowther"]
[SourceDate "2005.04.04"]

1. e4 e6 2. d4 d5 3. Nc3 Nf6 4. e5 Nfd7 5. f4 c5 6. Nf3 Nc6 7. Be3 a6 8. Qd2 b5
9. dxc5 Bxc5 10. Bxc5 Nxc5 11. Qf2 Qb6 12. Bd3 b4 13. Ne2 a5 14. O-O Rb8 15.
Nfd4 Ne7 16. Kh1 g6 17. a3 bxa3 18. Rxa3 Qxb2 19. Rxa5 Nxd3 20. cxd3 O-O 21.
Ra7 Nf5 22. Nxf5 exf5 23. h4 Be6 24. h5 Qb6 25. Qxb6 Rxb6 26. hxg6 hxg6 27. Kg1
Rb3 28. Rd1 Rc8 29. Kf2 Rb2 30. Ke3 Rcc2 31. Re1 d4+ 32. Nxd4 Rxg2 33. Nxe6
fxe6 34. Rc1 Rgc2 35. Rh1 Rh2 36. Rxh2 Rxh2 37. Re7 Rh3+ 38. Ke2 Rh2+ 39. Ke1
Rh4 40. Rxe6 Kf7 41. Rf6+ Kg7 42. Ke2 Rxf4 43. Ke3 Ra4 44. d4 Ra3+ 45. Kf4 Rd3
46. Rd6 Kf7 47. d5 Rd4+ 48. Kf3 Re4 49. Rf6+ Kg7 50. Re6 Kf7 51. Rf6+ Kg7 52.
Re6 Kf7 53. Rf6+ 1/2-1/2

[Event "3rd ch-GER Internet Blitz Candidates"]
[Site "playchess INT"]
[Date "2005.04.02"]
[Round "13"]
[White "Polaczek, R."]
[Black "Schoeneberg, M."]
[Result "1/2-1/2"]
[WhiteElo "2426"]
[BlackElo "2326"]
[PlyCount "101"]
[EventDate "2005.04.02"]
[EventType "swiss (blitz)"]
[EventRounds "15"]
[Source "Mark Crowther"]
[SourceDate "2005.04.04"]

1. d4 c5 2. d5 e5 3. Nc3 d6 4. e4 Be7 5. Bb5+ Nd7 6. a4 a6 7. Be2 Ngf6 8. Nf3
O-O 9. O-O h6 10. Nd2 b6 11. Nc4 Qc7 12. Rb1 Rb8 13. Na3 Nh7 14. f3 Bg5 15. Bd3
Bxc1 16. Qxc1 Nhf6 17. Qe3 Nh5 18. g3 Qd8 19. Qe2 Qg5 20. Kh1 Ra8 21. Nc4 Qe7
22. b4 cxb4 23. Rxb4 a5 24. Rbb1 Ba6 25. Nb5 Bxb5 26. Rxb5 Rfc8 27. Nxb6 Nxb6
28. Rxb6 Rc5 29. Rfb1 Nf6 30. R6b5 Rac8 31. Qd2 Qa7 32. Rb7 Qa8 33. c4 R5c7 34.
Qb2 Nd7 35. Qb5 Rxb7 36. Qxb7 Qxb7 37. Rxb7 Nc5 38. Ra7 Nxd3 39. Rxa5 Rxc4 40.
Ra6 Nc5 41. Rxd6 Rxa4 42. Rd8+ Kh7 43. Rc8 Nd7 44. Rc7 Nf6 45. Rxf7 Ra2 46. Kg1
Kg6 47. Re7 Ra1+ 48. Kg2 Ra2+ 49. Kg1 Ra1+ 50. Kf2 Ra2+ 51. Kg1 1/2-1/2

[Event "3rd ch-GER Internet Blitz Candidates"]
[Site "playchess INT"]
[Date "2005.04.02"]
[Round "13"]
[White "Wornath, K."]
[Black "Feuerstack, A."]
[Result "1-0"]
[WhiteElo "2388"]
[BlackElo "2224"]
[PlyCount "65"]
[EventDate "2005.04.02"]
[EventType "swiss (blitz)"]
[EventRounds "15"]
[Source "Mark Crowther"]
[SourceDate "2005.04.04"]

1. d4 Nf6 2. c4 c5 3. d5 b5 4. Nf3 g6 5. Qc2 Bg7 6. e4 O-O 7. cxb5 a6 8. Nc3
axb5 9. Bxb5 Na6 10. O-O Nb4 11. Qe2 Ba6 12. a4 Qa5 13. Bd2 Rfb8 14. Bxa6 Qxa6
15. Nb5 Ne8 16. Bc3 Nd6 17. Bxg7 Kxg7 18. Ra3 Nxb5 19. axb5 Qb7 20. Rfa1 d6 21.
Qe3 f6 22. Qc3 Kg8 23. Nd2 f5 24. f3 Rf8 25. Nc4 fxe4 26. fxe4 Rae8 27. b6 Qd7
28. h3 Rf4 29. Ra7 Qd8 30. b7 Ref8 31. Ra8 Qc7 32. R1a7 Rb8 33. Rxb8+ 1-0

[Event "3rd ch-GER Internet Blitz Candidates"]
[Site "playchess INT"]
[Date "2005.04.02"]
[Round "13"]
[White "Vuckovic, Alek"]
[Black "Fridman, D2."]
[Result "0-1"]
[WhiteElo "2325"]
[BlackElo "2569"]
[PlyCount "108"]
[EventDate "2005.04.02"]
[EventType "swiss (blitz)"]
[EventRounds "15"]
[Source "Mark Crowther"]
[SourceDate "2005.04.04"]

1. e4 e5 2. Nf3 d6 3. d4 exd4 4. Nxd4 Nf6 5. Nc3 Be7 6. Bd3 O-O 7. O-O Nbd7 8.
h3 Nc5 9. Re1 Re8 10. Bf1 Bf8 11. Qf3 h6 12. Bd2 b6 13. Bb5 Bd7 14. Bc6 Rb8 15.
b4 Ne6 16. Nxe6 fxe6 17. Bxd7 Nxd7 18. Qg3 Qf6 19. Nb5 Rb7 20. Bc3 e5 21. Bd2
c6 22. Nc3 Qf7 23. a3 Kh7 24. Nd1 Nf6 25. Qd3 Kh8 26. Ne3 d5 27. exd5 cxd5 28.
c4 d4 29. Ng4 Nxg4 30. hxg4 Rc7 31. Rac1 Qe6 32. f3 Rec8 33. Qxd4 exd4 34. Rxe6
Rxc4 35. Rxc4 Rxc4 36. Re8 Kg8 37. Kf2 Rc2 38. Ke2 Ra2 39. Kd3 Kf7 40. Ra8
Rxa3+ 41. Kxd4 Ra2 42. Kd3 Be7 43. Rc8 Bg5 44. f4 Bf6 45. Rc7+ Ke6 46. f5+ Kd5
47. g3 Ra3+ 48. Ke2 Rxg3 49. Rxa7 Rxg4 50. Ra6 Bd4 51. Ra7 Ke4 52. Rf7 Rg2+ 53.
Kd1 Kd3 54. Be1 Ra2 0-1

[Event "3rd ch-GER Internet Blitz Candidates"]
[Site "playchess INT"]
[Date "2005.04.02"]
[Round "13"]
[White "Boettcher, C."]
[Black "Kopylov, M."]
[Result "0-1"]
[WhiteElo "2166"]
[BlackElo "2430"]
[PlyCount "74"]
[EventDate "2005.04.02"]
[EventType "swiss (blitz)"]
[EventRounds "15"]
[Source "Mark Crowther"]
[SourceDate "2005.04.04"]

1. e4 Nf6 2. d3 d5 3. Nd2 e5 4. g3 Nc6 5. Bg2 dxe4 6. dxe4 b6 7. Ngf3 Ba6 8. c4
Qd7 9. O-O O-O-O 10. Qa4 Bb7 11. a3 Kb8 12. b4 Nd4 13. Qd1 Nxf3+ 14. Qxf3 Qd3
15. Qxd3 Rxd3 16. Nf3 Nd7 17. Ng5 f6 18. Ne6 Rd6 19. Nxf8 Nxf8 20. Be3 Ne6 21.
Rfd1 Rhd8 22. Rxd6 Rxd6 23. Kf1 Rd3 24. Ke2 Rb3 25. Kd2 Nd4 26. Ra2 c5 27. b5
Rb1 28. Kd3 Rg1 29. f4 Rd1+ 30. Kc3 Re1 31. Bf2 Rc1+ 32. Kd2 Rxc4 33. Bf1 Ra4
34. Bd3 c4 35. Bb1 Nxb5 36. Bc2 Rxa3 37. Rb2 c3+ 0-1

[Event "3rd ch-GER Internet Blitz Candidates"]
[Site "playchess INT"]
[Date "2005.04.02"]
[Round "13"]
[White "Seel, C."]
[Black "Zimmermann, J."]
[Result "1-0"]
[WhiteElo "2477"]
[BlackElo "2335"]
[PlyCount "97"]
[EventDate "2005.04.02"]
[EventType "swiss (blitz)"]
[EventRounds "15"]
[Source "Mark Crowther"]
[SourceDate "2005.04.04"]

1. Nf3 c6 2. c4 d5 3. d4 Nf6 4. e3 Bg4 5. cxd5 cxd5 6. Nc3 e6 7. Qb3 Qc8 8. Ne5
Bf5 9. Bb5+ Nfd7 10. g4 Bg6 11. h4 a6 12. h5 axb5 13. hxg6 Nxe5 14. dxe5 fxg6
15. Nxb5 Nc6 16. Bd2 Qd7 17. f4 Be7 18. O-O-O h6 19. Qc2 Kf7 20. Kb1 Rhc8 21.
Qd3 Na5 22. f5 Nc4 23. Nd4 Kg8 24. Nxe6 Nxe5 25. Qb3 Nxg4 26. Rhg1 gxf5 27. Nf4
Kh7 28. Bc3 Bg5 29. Rxd5 Qf7 30. Rb5 Qe7 31. Qd5 Qe4+ 32. Qxe4 fxe4 33. Rxg4
Rd8 34. Ne6 Rd1+ 35. Kc2 Rh1 36. Nxg5+ hxg5 37. Rbxg5 Rh2+ 38. Kb3 Ra6 39.
Rxg7+ Kh6 40. Rg8 Rb6+ 41. Kc4 Kh5 42. R4g7 Rc6+ 43. Kb5 Rh6 44. Rg5+ Kh4 45.
Rg4+ Kh3 46. Rg3+ Kh4 47. R8g4+ Kh5 48. Rxe4 Rh4 49. Re5# 1-0

[Event "3rd ch-GER Internet Blitz Candidates"]
[Site "playchess INT"]
[Date "2005.04.02"]
[Round "13"]
[White "Krivoshey, S."]
[Black "Zumsande, M."]
[Result "1-0"]
[WhiteElo "2487"]
[BlackElo "2381"]
[PlyCount "109"]
[EventDate "2005.04.02"]
[EventType "swiss (blitz)"]
[EventRounds "15"]
[Source "Mark Crowther"]
[SourceDate "2005.04.04"]

1. Nf3 d5 2. d4 e6 3. c4 Nf6 4. Nc3 Be7 5. Bg5 h6 6. Bxf6 Bxf6 7. e3 c6 8. Qb3
O-O 9. Rd1 Nd7 10. Bd3 a6 11. O-O b5 12. cxd5 cxd5 13. Rc1 Qb6 14. Ne2 Bb7 15.
Bb1 Rfc8 16. Nf4 Rc4 17. Qd3 Nf8 18. b3 Rc7 19. Qd2 Rac8 20. Nd3 Be7 21. Rxc7
Rxc7 22. Rc1 Ba3 23. Rxc7 Qxc7 24. Nfe5 f6 25. Nf3 Bd6 26. Qc2 Qxc2 27. Bxc2 a5
28. Nc5 Bxc5 29. dxc5 e5 30. a3 b4 31. axb4 axb4 32. Bf5 Kf7 33. Ne1 Ne6 34.
Bxe6+ Kxe6 35. Nd3 d4 36. exd4 exd4 37. Nxb4 Be4 38. f3 Bb1 39. Kf2 f5 40. Ke2
f4 41. Kd2 g5 42. Nd3 Kd5 43. b4 Kc4 44. Ne5+ Kxb4 45. c6 Bf5 46. c7 Kc5 47.
Nf7 Kc6 48. Nxh6 Be6 49. Nf7 g4 50. fxg4 Bxg4 51. Ne5+ Kxc7 52. Nxg4 Kd6 53.
Kd3 Kd5 54. h4 f3 55. gxf3 1-0

[Event "3rd ch-GER Internet Blitz Candidates"]
[Site "playchess INT"]
[Date "2005.04.02"]
[Round "14"]
[White "Fridman, D2."]
[Black "Seel, C."]
[Result "1/2-1/2"]
[WhiteElo "2569"]
[BlackElo "2477"]
[PlyCount "30"]
[EventDate "2005.04.02"]
[EventType "swiss (blitz)"]
[EventRounds "15"]
[Source "Mark Crowther"]
[SourceDate "2005.04.04"]

1. d4 Nf6 2. Nf3 g6 3. c4 Bg7 4. g3 O-O 5. Bg2 d5 6. cxd5 Nxd5 7. O-O Nb6 8.
Nc3 Nc6 9. e3 Re8 10. Qe2 e5 11. dxe5 Nxe5 12. Rd1 Qe7 13. Nxe5 Bxe5 14. Bd2 c6
15. Rac1 Be6 1/2-1/2

[Event "3rd ch-GER Internet Blitz Candidates"]
[Site "playchess INT"]
[Date "2005.04.02"]
[Round "14"]
[White "Brener, I."]
[Black "Kostic, Vl"]
[Result "0-1"]
[WhiteElo "2321"]
[BlackElo "2439"]
[PlyCount "64"]
[EventDate "2005.04.02"]
[EventType "swiss (blitz)"]
[EventRounds "15"]
[Source "Mark Crowther"]
[SourceDate "2005.04.04"]

1. e4 c5 2. Nf3 Nc6 3. d4 cxd4 4. Nxd4 Nf6 5. Nc3 e5 6. Ndb5 d6 7. Bg5 a6 8.
Na3 b5 9. Nd5 Be7 10. Bxf6 Bxf6 11. c3 O-O 12. Nc2 Bg5 13. a4 bxa4 14. Rxa4 a5
15. Bc4 Rb8 16. b3 Ne7 17. O-O Nxd5 18. Bxd5 Bd7 19. Ra2 Kh8 20. Ne3 Bxe3 21.
fxe3 Qb6 22. Qd2 f5 23. exf5 Bxf5 24. Qf2 g6 25. e4 Bxe4 26. Qxb6 Rxf1+ 27.
Kxf1 Bd3+ 28. Kf2 Rxb6 29. Rxa5 Kg7 30. Ke3 Bc2 31. b4 Kf6 32. Ra4 Bxa4 0-1

[Event "3rd ch-GER Internet Blitz Candidates"]
[Site "playchess INT"]
[Date "2005.04.02"]
[Round "14"]
[White "Schunk, T1."]
[Black "Hoffmann, L."]
[Result "1-0"]
[WhiteElo "2280"]
[BlackElo "2157"]
[PlyCount "63"]
[EventDate "2005.04.02"]
[EventType "swiss (blitz)"]
[EventRounds "15"]
[Source "Mark Crowther"]
[SourceDate "2005.04.04"]

1. e4 c5 2. Nf3 e6 3. c3 Nf6 4. e5 Nd5 5. d4 Nc6 6. Bd3 d6 7. O-O Be7 8. c4
Ndb4 9. dxc5 dxc5 10. Be4 Nd4 11. Nc3 h6 12. a3 Nbc6 13. Be3 Bd7 14. Nxd4 cxd4
15. Bxd4 Nxd4 16. Qxd4 Qc7 17. Rfd1 Rd8 18. Qxa7 Bc5 19. Qxb7 Qxe5 20. Rxd7
Rxd7 21. Bc6 Qd6 22. Qxd7+ Qxd7 23. Bxd7+ Kxd7 24. b4 Bd4 25. Rd1 e5 26. Nb5
Kc8 27. Nxd4 Rd8 28. f4 exd4 29. Kf2 Kc7 30. Kf3 Ra8 31. Rd3 Kc6 32. Ke4 1-0

[Event "3rd ch-GER Internet Blitz Candidates"]
[Site "playchess INT"]
[Date "2005.04.02"]
[Round "14"]
[White "Ottmann, M."]
[Black "Heinzel, O."]
[Result "0-1"]
[WhiteElo "2142"]
[BlackElo "2402"]
[PlyCount "64"]
[EventDate "2005.04.02"]
[EventType "swiss (blitz)"]
[EventRounds "15"]
[Source "Mark Crowther"]
[SourceDate "2005.04.04"]

1. d4 Nf6 2. Nf3 d5 3. c4 c6 4. Bg5 Bf5 5. Nc3 e6 6. cxd5 exd5 7. Qb3 Qb6 8.
Bxf6 gxf6 9. Nd2 Nd7 10. e3 Bd6 11. Be2 O-O 12. Qxb6 axb6 13. O-O b5 14. Nf3 b4
15. Nd1 Nb6 16. Nh4 Bc2 17. Bg4 Rfd8 18. Bf5 Ba4 19. Bd3 Nc4 20. Nf5 Bxd1 21.
Rfxd1 Nxb2 22. Rd2 Nxd3 23. Rxd3 Bf8 24. Rb3 Ra4 25. Kf1 Rda8 26. Rb2 Ra3 27.
Re1 Rxa2 28. Rxa2 Rxa2 29. e4 dxe4 30. Rxe4 b3 31. Re8 b2 32. Ne7+ Kg7 0-1

[Event "3rd ch-GER Internet Blitz Candidates"]
[Site "playchess INT"]
[Date "2005.04.02"]
[Round "14"]
[White "Heimann, A."]
[Black "Boettcher, C."]
[Result "0-1"]
[WhiteElo "2095"]
[BlackElo "2166"]
[PlyCount "68"]
[EventDate "2005.04.02"]
[EventType "swiss (blitz)"]
[EventRounds "15"]
[Source "Mark Crowther"]
[SourceDate "2005.04.04"]

1. e4 d6 2. d4 Nd7 3. Nf3 g6 4. Be3 Bg7 5. c3 e5 6. Bc4 Ngf6 7. Nbd2 h6 8. h3
O-O 9. O-O Kh7 10. Qc2 Qe7 11. Rad1 c5 12. Rfe1 Rb8 13. a4 b6 14. dxe5 dxe5 15.
Bb3 Bb7 16. Qb1 Rfd8 17. Bc2 Nf8 18. Nc4 Nh5 19. Rxd8 Rxd8 20. Rd1 Rb8 21. Nd6
Bc6 22. b4 cxb4 23. cxb4 Ne6 24. b5 Ba8 25. Nc4 Nhf4 26. Nfxe5 Ne2+ 27. Kf1 Nc3
28. Qc1 Nxd1 29. Qxd1 Rd8 30. Qf3 Ng5 31. Bxg5 Qxg5 32. Nxf7 Qc1+ 33. Ke2 Qxc2+
34. Ke3 Rd3+ 0-1

[Event "3rd ch-GER Internet Blitz Candidates"]
[Site "playchess INT"]
[Date "2005.04.02"]
[Round "14"]
[White "Berelovich, A."]
[Black "Buscher, M."]
[Result "1-0"]
[WhiteElo "2542"]
[BlackElo "2305"]
[PlyCount "105"]
[EventDate "2005.04.02"]
[EventType "swiss (blitz)"]
[EventRounds "15"]
[Source "Mark Crowther"]
[SourceDate "2005.04.04"]

1. e4 c5 2. c3 d5 3. exd5 Qxd5 4. d4 Nc6 5. Be3 cxd4 6. cxd4 e5 7. Nc3 Bb4 8.
Nf3 Bg4 9. Be2 Bxf3 10. Bxf3 e4 11. Be2 Nf6 12. O-O Bxc3 13. bxc3 O-O 14. c4
Qf5 15. h3 Rfd8 16. Qd2 h6 17. Rfd1 Rac8 18. Rab1 b6 19. Rb5 Qd7 20. Qb2 Qe7
21. d5 Ne5 22. d6 Nxc4 23. Bxc4 Rxd6 24. Rxd6 Qxd6 25. Bf1 Nd5 26. Qd4 Rd8 27.
Bc4 Nxe3 28. Qxd6 Rxd6 29. fxe3 g6 30. Re5 Kg7 31. Rxe4 f5 32. Re7+ Kf6 33.
Rxa7 Rd1+ 34. Kf2 Rc1 35. Bb3 h5 36. Rb7 Rc6 37. h4 g5 38. Rf7+ Kg6 39. hxg5
Kxg5 40. Kf3 h4 41. Rg7+ Kf6 42. Rg8 Rc1 43. Rd8 Kg5 44. Rd6 b5 45. Rd5 b4 46.
e4 Rf1+ 47. Ke2 Rg1 48. Kf2 Rb1 49. Rxf5+ Kg4 50. Rf8 h3 51. gxh3+ Kxh3 52. e5
Kg4 53. e6 1-0

[Event "3rd ch-GER Internet Blitz Candidates"]
[Site "playchess INT"]
[Date "2005.04.02"]
[Round "14"]
[White "Kopylov, M."]
[Black "Vuckovic, Alek"]
[Result "1-0"]
[WhiteElo "2430"]
[BlackElo "2325"]
[PlyCount "47"]
[EventDate "2005.04.02"]
[EventType "swiss (blitz)"]
[EventRounds "15"]
[Source "Mark Crowther"]
[SourceDate "2005.04.04"]

1. d4 Nf6 2. c4 e5 3. dxe5 Ng4 4. Nf3 Bc5 5. e3 Nc6 6. Nc3 O-O 7. Be2 Re8 8.
Nd4 Ngxe5 9. O-O d6 10. Nd5 a5 11. Nb5 Rf8 12. Ndxc7 Rb8 13. b3 Bf5 14. Bb2 Bg6
15. Qd2 Qh4 16. Rad1 Rbd8 17. Nd5 Ng4 18. h3 Nh6 19. Nd4 Be4 20. Nf3 Bxf3 21.
Bxf3 Ne5 22. Be2 g5 23. f4 Nd7 24. Ne7# 1-0

[Event "3rd ch-GER Internet Blitz Candidates"]
[Site "playchess INT"]
[Date "2005.04.02"]
[Round "14"]
[White "Renner, Christo"]
[Black "Buchenau, F."]
[Result "1/2-1/2"]
[WhiteElo "2398"]
[BlackElo "2345"]
[PlyCount "85"]
[EventDate "2005.04.02"]
[EventType "swiss (blitz)"]
[EventRounds "15"]
[Source "Mark Crowther"]
[SourceDate "2005.04.04"]

1. e4 e6 2. d3 d5 3. Nd2 Nf6 4. Ngf3 b6 5. c3 c5 6. Be2 Bb7 7. e5 Nfd7 8. O-O
Be7 9. Re1 Qc7 10. Bf1 Ba6 11. Qe2 Nc6 12. c4 Nb4 13. Nb3 O-O 14. a3 Nc6 15.
Bf4 Rfd8 16. Rac1 Nf8 17. h4 Ng6 18. Bg3 Bf8 19. h5 Nge7 20. h6 Nf5 21. hxg7
Bxg7 22. Bf4 dxc4 23. dxc4 Ncd4 24. Nbxd4 Nxd4 25. Nxd4 Rxd4 26. Be3 Bxe5 27.
Bxd4 Bxd4 28. Qh5 Qf4 29. Rc2 Rd8 30. Qh2 Qf5 31. Qg3+ Kh8 32. Bd3 Qh5 33. Be2
Qf5 34. Bd3 Qh5 35. Re4 Rg8 36. Qh4 Qd1+ 37. Bf1 Qxc2 38. Rxd4 cxd4 39. Qf6+
Rg7 40. Qd8+ Rg8 41. Qf6+ Rg7 42. Qd8+ Rg8 43. Qf6+ 1/2-1/2

[Event "3rd ch-GER Internet Blitz Candidates"]
[Site "playchess INT"]
[Date "2005.04.02"]
[Round "14"]
[White "Rodewis, T."]
[Black "Zimmermann, J."]
[Result "1-0"]
[WhiteElo "2364"]
[BlackElo "2335"]
[PlyCount "69"]
[EventDate "2005.04.02"]
[EventType "swiss (blitz)"]
[EventRounds "15"]
[Source "Mark Crowther"]
[SourceDate "2005.04.04"]

1. d4 Nf6 2. c4 c5 3. d5 b5 4. cxb5 a6 5. Nc3 axb5 6. e4 b4 7. Nb5 d6 8. Bf4 g5
9. Bxg5 Nxe4 10. Bf4 f5 11. f3 Nf6 12. Bc4 Nbd7 13. Qe2 Kf7 14. Qe6+ Kg6 15.
Qe2 Nb6 16. b3 Nbxd5 17. Nh3 e5 18. Bg5 Nb6 19. Rd1 Be7 20. Bxf6 Kxf6 21. f4 e4
22. Qh5 Kg7 23. Ng5 Nxc4 24. Qf7+ Kh6 25. bxc4 Rxa2 26. O-O Qe8 27. Nxd6 Qxf7
28. Ngxf7+ Kg7 29. Nxh8 Be6 30. g4 fxg4 31. f5 Bxd6 32. fxe6 Bxh2+ 33. Kh1 g3
34. Rf7+ Kh6 35. e7 1-0

[Event "3rd ch-GER Internet Blitz Candidates"]
[Site "playchess INT"]
[Date "2005.04.02"]
[Round "14"]
[White "Feuerstack, A."]
[Black "Reich, T."]
[Result "1/2-1/2"]
[WhiteElo "2224"]
[BlackElo "2406"]
[PlyCount "83"]
[EventDate "2005.04.02"]
[EventType "swiss (blitz)"]
[EventRounds "15"]
[Source "Mark Crowther"]
[SourceDate "2005.04.04"]

1. e4 d6 2. d4 Nf6 3. Nc3 g6 4. Be3 Bg7 5. Qd2 O-O 6. f3 Nc6 7. O-O-O e5 8.
Nge2 a6 9. Kb1 h5 10. Bh6 Kh7 11. Bxg7 Kxg7 12. h4 Qe7 13. Nd5 Nxd5 14. exd5
Nxd4 15. Nxd4 exd4 16. Qxd4+ Qf6 17. Qd2 Rh8 18. Be2 Bd7 19. g4 hxg4 20. fxg4
Rxh4 21. g5 Qf4 22. Qc3+ Kg8 23. Bf3 Rxh1 24. Rxh1 Qe5 25. Qxc7 Bf5 26. Qxb7
Rc8 27. Bd1 Qe4 28. Rf1 Qc4 29. Rf2 Qc5 30. Rf3 Re8 31. Qc6 Re1 32. Kc1 Qg1 33.
b4 Rxd1+ 34. Kb2 Qd4+ 35. Ka3 Rd2 36. Rc3 Kg7 37. Ka4 Qe4 38. Qxd6 Rxc2 39.
Qf6+ Kh7 40. Qxf7+ Kh8 41. Qf8+ Kh7 42. Qf7+ 1/2-1/2

[Event "3rd ch-GER Internet Blitz Candidates"]
[Site "playchess INT"]
[Date "2005.04.02"]
[Round "14"]
[White "Buchenthal, D."]
[Black "Peschlow, P."]
[Result "0-1"]
[WhiteElo "2258"]
[BlackElo "2318"]
[PlyCount "60"]
[EventDate "2005.04.02"]
[EventType "swiss (blitz)"]
[EventRounds "15"]
[Source "Mark Crowther"]
[SourceDate "2005.04.04"]

1. e4 c5 2. Nf3 Nc6 3. d4 cxd4 4. Nxd4 e5 5. Nb5 d6 6. N1c3 a6 7. Na3 b5 8. Nd5
Nge7 9. c4 Nd4 10. Bd3 Nxd5 11. cxd5 g6 12. O-O Bg7 13. Be3 O-O 14. Rc1 f5 15.
f3 fxe4 16. Bxe4 Nf5 17. Bf2 Qg5 18. Nc2 Bh6 19. Qe2 Bd7 20. Bxf5 gxf5 21. Nb4
Rf7 22. Rc7 Rg7 23. g3 Qg6 24. Nc6 Bg5 25. Qc2 h5 26. Na5 h4 27. Rb7 hxg3 28.
hxg3 Qh5 29. Rxd7 Rxd7 30. Qxf5 Rh7 0-1

[Event "3rd ch-GER Internet Blitz Candidates"]
[Site "playchess INT"]
[Date "2005.04.02"]
[Round "14"]
[White "Schoeneberg, M."]
[Black "Gaede, D."]
[Result "1-0"]
[WhiteElo "2326"]
[BlackElo "2194"]
[PlyCount "85"]
[EventDate "2005.04.02"]
[EventType "swiss (blitz)"]
[EventRounds "15"]
[Source "Mark Crowther"]
[SourceDate "2005.04.04"]

1. e4 e6 2. d4 d5 3. Nc3 Nc6 4. Nf3 Nf6 5. Bg5 Be7 6. exd5 exd5 7. Bd3 Bg4 8.
Be2 O-O 9. h3 Bh5 10. O-O Re8 11. g4 Bg6 12. Ne5 Ne4 13. Nxe4 Bxg5 14. Nxg5
Qxg5 15. f4 Qh4 16. Kh2 f6 17. Nxg6 hxg6 18. Bf3 Rad8 19. c3 Re3 20. Qd2 Re7
21. Rae1 Kf7 22. Rxe7+ Nxe7 23. Re1 Rh8 24. Bg2 Re8 25. Qe3 c6 26. Re2 g5 27.
f5 Qh8 28. Qe6+ Kf8 29. b3 Qg8 30. Qd6 Qf7 31. Re6 Kg8 32. Qd7 Kf8 33. Qxb7 a5
34. Qc7 g6 35. Qd6 Kg7 36. Qd7 gxf5 37. gxf5 Kf8 38. c4 dxc4 39. bxc4 Rb8 40.
Qd6 Kg7 41. Qxb8 Nxf5 42. Rxc6 Qe6 43. Rxe6 1-0

[Event "3rd ch-GER Internet Blitz Candidates"]
[Site "playchess INT"]
[Date "2005.04.02"]
[Round "14"]
[White "Womacka, M."]
[Black "Gramlich, S."]
[Result "1-0"]
[WhiteElo "2436"]
[BlackElo "2064"]
[PlyCount "145"]
[EventDate "2005.04.02"]
[EventType "swiss (blitz)"]
[EventRounds "15"]
[Source "Mark Crowther"]
[SourceDate "2005.04.04"]

1. e4 d5 2. exd5 Nf6 3. d4 Bg4 4. f3 Bf5 5. Bb5+ Nbd7 6. c4 a6 7. Bxd7+ Qxd7 8.
Ne2 e6 9. dxe6 Bxe6 10. d5 Bf5 11. O-O Bc5+ 12. Kh1 O-O-O 13. Nbc3 h5 14. Bg5
h4 15. Nd4 Rh5 16. Bxf6 gxf6 17. Ne4 Bxe4 18. fxe4 Rg5 19. b4 Bd6 20. c5 Be5
21. c6 Qd6 22. Nf5 Qf8 23. Rc1 h3 24. g3 Qxb4 25. cxb7+ Kb8 26. Qd3 Rxf5 27.
Rxf5 Qb2 28. Qf1 Qd4 29. Re1 Kxb7 30. Qxh3 Rd6 31. Rb1+ Ka7 32. Qg2 Qd3 33.
Rff1 Bd4 34. Rfd1 Qe3 35. Rb3 Qf2 36. Qxf2 Bxf2 37. Kg2 Bb6 38. Rf3 Kb7 39. h4
Kc8 40. h5 Kd8 41. h6 f5 42. Rh1 fxe4 43. Rxf7 Rxd5 44. h7 Rd2+ 45. Kh3 Bd4 46.
Rf8+ Ke7 47. h8=Q Bxh8 48. Rxh8 e3 49. Re1 e2 50. Kg2 Rxa2 51. Kf2 Kd6 52. Rxe2
Ra3 53. Rh6+ Kc5 54. Rc2+ Kb5 55. Rxc7 Ra2+ 56. Kf3 Ra1 57. Rhc6 Rf1+ 58. Kg4
a5 59. Rc1 Kb6 60. Rxf1 Kxc7 61. Ra1 Kb7 62. Kf4 Kb6 63. g4 Kb5 64. g5 a4 65.
g6 Kb4 66. g7 Kb3 67. g8=Q+ Kb2 68. Qg1 a3 69. Rf1 Kc3 70. Qe3+ Kb4 71. Rc1 Kb5
72. Qb3+ Ka6 73. Rc4 1-0